Trajektórie územného rozvoja

Na minha lista:
Detalhes bibliográficos
Outros Autores: Finka, Maroš (Editor), Petríková, Dagmar (Editor)
Formato: Livro
Publicado em: Bratislava : Road, 2006
Assuntos:
Tags: Adicionar Tag
Sem tags, seja o primeiro a adicionar uma tag!

MARC

LEADER 00000nam a22000003a 4500
001 stu135197
005 20241030102617.0
008 070104s2006----------------------------d
020 |a 978-80-88999-31-7 
040 |a STU  |b slo 
044 |a xo 
100 1 |a Finka, Maroš  |4 edt  |u A440  |U FAD Fakulta architektúry  |T FAD Ústav Urbanizmu  |X 434  |U A440  |Y 138  |7 A000000434 
245 1 |a Trajektórie územného rozvoja 
260 |a Bratislava :  |b Road,  |c 2006 
300 |a 354 s 
650 7 |a územné plánovanie miest  |2 stusub 
700 1 |a Petríková, Dagmar  |4 edt  |u A440  |U FAD Fakulta architektúry  |T FAD Ústav Urbanizmu  |U A440  |Y 138 
996 |b 284V036391  |c V*52054/O-23279  |l VVT  |s A  |a 24  |w stu135197_0001 
996 |b 284AB00862  |c A*5421 B  |l AAKNST  |s P  |a 0  |w stu135197_0002